Statistics for Countries That Contain 'P' In Their Name

Click here to take the quiz!

General Stats

  • This quiz has been taken 111 times
    (52 since last reset)
  • The average score is 15 of 22

Answer Stats

Country% Correct
Portugal
94%
Pakistan
88%
Philippines
88%
Panama
85%
Peru
85%
Poland
85%
Palau
79%
Papua New Guinea
79%
Democratic Republic of The Congo
76%
Paraguay
76%
Central African Republic
71%
Spain
71%
Nepal
65%
Dominican Republic
62%
Singapore
62%
Czech Republic
56%
Japan
56%
Cape Verde
53%
Cyprus
53%
Egypt
50%
Ethiopia
47%
Sao Tome And Principe
47%

Score Distribution

Percentile by Number Answered

Percent of People with Each Score

Your Score History

You have not taken this quiz since the last reset